000 01705nab a22003137a 4500
999 _c5355
_d5355
003 OSt
005 20250225132717.0
008 190603e xxum|||| |||| 00| 0 spa d
040 _cPJ-TDF
100 _95375
_aScotti, Luciana B.
245 1 3 _aLas nuevas fronteras de la autonomía de la voluntad en el derecho internacional privado /
_cLuciana B. Scotti.
260 _cCiudad Autónoma de Buenos Aires :
_aThomson Reuters La Ley,
_b2024.
300 _ap. 227-241
500 _aCita: TR LALEY AR/DOC/1974/2024. Publicado en: R.C.C. y C. 2024 (Septiembre-Octubre). EDICIÓN ESPECIAL: XXIX Jornadas Nacionales de Derecho Civil.
505 _aSumario: I. Introducción.— II. Concepto y fundamentos.— III. Alcance y límites.— IV. Ámbitos de consagración de la autonomía de la voluntad.— V. Ámbitos más resistentes a la autonomía de la voluntad.— VI. La autonomía de la voluntad indirecta y el método de reconocimiento.— VII. A modo de colofón.— VIII. Bibliografía complementaria.
505 _t¿Te interesa el texto completo? Solicitalo al correo: koha@justierradelfuego.gov.ar
650 0 _9327
_aDERECHO INTERNACIONAL PRIVADO
650 0 _9716
_aORDEN PUBLICO
650 0 _9664
_aARBITRAJE INTERNACIONAL
650 0 _91053
_aUNIONES CONVIVENCIALES
650 0 _95417
_aCONTRATOS DE CONSUMO
650 0 _9234
_aDERECHO COMPARADO
650 0 _9967
_aDERECHO DE FAMILIA
650 0 _91467
_aRESPONSABILIDAD CIVIL
650 0 _91497
_aCODIGO CIVIL Y COMERCIAL
650 0 _9888
_aSUCESIONES
773 0 _02713
_93170
_dCiudad Autónoma de Buenos Aires : Thomson Reuters La Ley, 2015-
_tRevista Código Civil y Comercial. Nº 5 - Septiembre-Octubre 2024
942 _2udc
_cANA